LEADER 00835nam0-22002651i-450- 001 990007760640403321 035 $a000776064 035 $aFED01000776064 035 $a(Aleph)000776064FED01 035 $a000776064 100 $a20021010d--------km-y0itay50------ba 101 0 $aita 200 1 $a<>amministrazione della marina mercantile e dei porti in Italia e all'estero$e(Ordinamenti - Organi - Funzioni)$fGiuseppe Mosti. 210 $aRoma$cLa critica$d1940. 215 $a366 p.$d24 cm 676 $a343.096 700 1$aMosti,$bGiuseppe$0278919 801 0$aIT$bUNINA$gRICA$2UNIMARC 901 $aBK 912 $a990007760640403321 952 $a29-D-27$b1368 nav.$fDDCP 959 $aDDCP 996 $aAmministrazione della marina mercantile e dei porti in Italia e all'estero$9667500 997 $aUNINA DB $aGEN01 LEADER 00957nam0-22003011i-450- 001 990005990890403321 005 20090603143356.0 035 $a000599089 035 $aFED01000599089 035 $a(Aleph)000599089FED01 035 $a000599089 100 $a20000112d1928----km-y0itay50------ba 101 0 $aita 105 $a--------001yy 200 1 $aDelle successioni$elezioni tenute nella R. Università di Roma negli anni accademici 1922-1923, 1923-1924$fVittorio Polacco 210 $aRoma$cAthenaeum$d1928 327 1 $a1.: A. A. 1922-23$a2.: A. A. 1923-24 676 $a346.052 700 1$aPolacco,$bVittorio$f<1859-1926>$0227941 801 0$aIT$bUNINA$gRICA$2UNIMARC 901 $aBK 912 $a990005990890403321 952 $aDONO TAMMARO VIII 30 (1-2)$b118662$fFGBC 952 $aDONO SCUTO VIII 7 (1-2)$b29032*$fFGBC 952 $aVIII D 28 (1-2)$b16924$fFGBC 959 $aFGBC 996 $aDelle successioni$9580468 997 $aUNINA